000 00400nam a22001697a 4500
005 20160620100139.0
008 160620b xxu||||| |||| 00| 0 eng d
020 _a81-203-2216
041 _aeng
082 _b8364
100 _aCenter, Allen H& Jackson, Patrick
_92287
245 _aPublic Relations Practices
260 _bPHI
_c2004
300 _a413
650 _aManagement
_9241
942 _cBK
999 _c3200
_d3199